| 000 | 00605nam a2200193 a 4500 | ||
|---|---|---|---|
| 005 | 20240626063657.0 | ||
| 008 | 991125s1978 mx 000 0 spa u | ||
| 035 | _aUPN01000000536 | ||
| 049 | _aCG | ||
| 050 | 4 |
_aLB1537 _bM3.28 |
|
| 100 | 1 | _aMayesky, Mary | |
| 245 | 1 | 0 |
_aActividades creativas para niños pequeños / _cMary Mayesky, Donald Newman, Raymond J. Wlodkowski. |
| 260 |
_aMéxico : _bDiana, _c1978. |
||
| 300 |
_a241 p. : _bil. |
||
| 650 | 4 |
_aActividades creativas y trabajos preescolares _9138 |
|
| 700 | 1 |
_aNewman, Donald, _ecoaut. |
|
| 700 | 1 |
_aWlodkoski, Raymond J., _ecoaut. |
|
| 905 | _aLibro | ||
| 999 |
_c536 _d536 |
||